CINTA YANG TERLEWAT / (Record no. 116110)

MARC details
000 -LEADER
fixed length control field 00770nam a2200253 i 4500
001 - CONTROL NUMBER
control field C2-0314774
003 - CONTROL NUMBER IDENTIFIER
control field PPAK
005 - DATE AND TIME OF LATEST TRANSACTION
control field 20221208123232.0
008 - FIXED-LENGTH DATA ELEMENTS--GENERAL INFORMATION
fixed length control field 120305s2012 my g 0 f may d
020 ## - INTERNATIONAL STANDARD BOOK NUMBER
International Standard Book Number 9789670342146
Terms of availability RM0.00
Qualifying information paperback
040 ## - CATALOGING SOURCE
Original cataloging agency PPAK
Language of cataloging eng
Transcribing agency PPAK
Description conventions rda
082 04 - DEWEY DECIMAL CLASSIFICATION NUMBER
Classification number 899.2333
Edition number 23
090 00 - LOCALLY ASSIGNED LC-TYPE CALL NUMBER (OCLC); LOCAL CALL NUMBER (RLIN)
Classification number (OCLC) (R) ; Classification number, CALL (RLIN) (NR) 899.2333
Feature heading ZUR
Feature heading G
100 0# - MAIN ENTRY--PERSONAL NAME
Personal name Zuriani Mustaffa,
Relator term author.
245 10 - TITLE STATEMENT
Title CINTA YANG TERLEWAT /
Statement of responsibility, etc. ZURIANI MUSTAFFA ; Editor : Norsuraya Desa
264 #1 - PRODUCTION, PUBLICATION, DISTRIBUTION, MANUFACTURE, AND COPYRIGHT NOTICE
Place of production, publication, distribution, manufacture Shah Alam, Selangor :
Name of producer, publisher, distributor, manufacturer buku prima @ grupbuku karangkraf,
Date of production, publication, distribution, manufacture, or copyright notice 2012
300 ## - PHYSICAL DESCRIPTION
Extent 460 pages :
Dimensions 18 cm
336 ## - CONTENT TYPE
Source rdacontent
Content type term text
337 ## - MEDIA TYPE
Source rdamedia
Media type term unmediated
338 ## - CARRIER TYPE
Source rdacarrier
Carrier type term volume
650 10 - SUBJECT ADDED ENTRY--TOPICAL TERM
Topical term or geographic name entry element Malay fiction.
700 0# - ADDED ENTRY--PERSONAL NAME
Personal name Norsuraya Desa,
Relator term editor.
942 ## - ADDED ENTRY ELEMENTS (KOHA)
Koha item type Book
Source of classification or shelving scheme Dewey Decimal Classification
Holdings
Withdrawn Not for loan Current library Shelving location Date acquired Full call number Barcode Date last seen Koha item type Total Checkouts
    Perpustakaan Alor Setar Pinjaman Dewasa 07/12/2022 899.2333 ZUR A00746693 07/12/2022 Book  
    Bergerak 1, Alor Setar Pinjaman Dewasa 08/03/2012 899.233 ZUR A01364711 09/05/2018 Book  
    Bergerak 3, Baling Pinjaman Dewasa 08/03/2012 899.233 ZUR A01364713 09/05/2018 Book  
    Bergerak 4, Sungai Petani Pinjaman Dewasa 08/03/2012 899.233 ZUR A01364714 09/05/2018 Book